LEADER 01239nam0 22003011i 450 001 UON00077379 005 20231205102416.481 010 $a08-7474-838-0 100 $a20020107d1988 |0itac50 ba 101 $aeng 102 $aUS 105 $a|||| ||||| 200 1 $aStylistic boundaries among mobile hunter-foragers$fC. Garth Sampson 210 $aWashington$aLondon$cSmithsonian Institution$dc1988 215 $a186 p.$cill.$d29 cm 410 1$1001UON00067050$12001 $aSmithsonian series in archaeological inquiry 606 $aSAN (popolo africano)$3UONC023567$2FI 606 $aCERAMICHE$xAfrica meridionale$3UONC023568$2FI 620 $aUS$dWashington$3UONL000087 676 $a968.004961$cSTORIA DEGLI OTTENTOTTI$v21 700 1$aSAMPSON$bClavil Garth$3UONV050764$0660491 712 $aSmithsonian Institution Press$3UONV246664$4650 801 $aIT$bSOL$c20240220$gRICA 899 $aSIBA - SISTEMA BIBLIOTECARIO DI ATENEO$2UONSI 912 $aUON00077379 950 $aSIBA - SISTEMA BIBLIOTECARIO DI ATENEO$dSI AFR ARCH 096 $eSI AA 18261 5 096 996 $aStylistic boundaries among mobile hunter-foragers$91299665 997 $aUNIOR LEADER 01883nam0 2200385 i 450 001 BVE0098345 005 20251003044056.0 010 $a8820495880 020 $aIT$b97-7628 100 $a19960826d1996 ||||0itac50 ba 101 | $aita 102 $ait 181 1$6z01$ai $bxxxe 182 1$6z01$an 200 1 $aRipartire dal territorio$eidentitą e prospettive di sviluppo della nuova provincia di Lecco a metą degli anni 90$fCensis, Centro studi investimenti sociali 210 $aMilano$cF. Angeli$d©1996 215 $a431 p.$cill.$d22 cm. 225 | $aMateriali di ricerca$fCensis$v69 410 0$1001CFI0004220$12001 $aMateriali di ricerca$fCensis$v69$171202$aCensis$3CFIV001456 606 $aLecco $xCondizioni economiche e sociali$x1992-1995$2FIR$3CFIC091147$9I 676 $a330.9452370929$9SITUAZIONI E CONDIZIONI ECONOMICHE. LECCO (PROV.). 1990-$v20 686 $aLOM/55.3/LC$cECONOMIA E SOCIETA LOMBARDIA 1989-2001 LECCO$2R 710 02$aCensis$3CFIV001456$4070$09271 791 02$aCentro studi investimenti sociali$3CFIV001458$zCensis 791 02$aFondazione Censis$3CFIV138870$zCensis 791 02$aCentro studi investimenti sociali$3CFIV001458$zCensis 791 02$aFondazione Censis$3CFIV138870$zCensis 801 3$aIT$bIT-000000$c19960826 850 $aIT-BN0095 901 $bNAP 01$cPOZZO LIB.$nVi sono collocati fondi di economia, periodici di ingegneria e scienze, periodici di economia e statistica e altri fondi comprendenti documenti di economia pervenuti in dono. 912 $aBVE0098345 950 0$aBiblioteca Centralizzata di Ateneo$c1 v.$d 01POZZO LIB.ECON MON 9712$e 0101 0000091015E VMA 1 v. (precedente collocazione: GUERRAZZI B 519)$fB $h20071112$i20071112 977 $a 01 996 $aRipartire dal territorio$961353 997 $aUNISANNIO